Geografía del turismo: del espacio contemplado al espacio consumido

Salvato in:
Dettagli Bibliografici
Autore principale: Lozato-Giotart, Jean-Pierre (Autore)
Natura: Libro
Lingua:spagnolo
Pubblicazione: París Masson 1990
Soggetti:
Tags: Aggiungi Tag
Nessun Tag, puoi essere il primo ad aggiungerne!!

MARC

LEADER 00000nam a2200000 a 4500
001 UCX3371
003 CL-VaPUC
008 911031e19900000FR |||||||||||||||||spa|d
082 0 4 |a 910.09  |b LOZ  |2 21 
100 |a Lozato-Giotart, Jean-Pierre  |e author  |9 567140 
245 1 0 |a Geografía del turismo: del espacio contemplado al espacio consumido 
300 |a 182 p 
942 |c BK 
945 |d 19911031 00:00:00 
260 |a París  |b Masson  |c 1990 
650 0 |a Turismo  |9 308920 
583 |a last modification  |c 19911031 00:00:00  |k Rodrigo Vera 
999 |c 224160  |d 224158 
952 |0 0  |1 0  |4 0  |6 910_090000000000000_LOZ_1990  |7 0  |8 A  |9 220618  |a BIBING  |b BIBING  |d 2019-11-15  |i 2893053  |l 1  |o 910.09 LOZ 1990  |p 2893053  |r 2025-01-20  |s 2022-11-24  |w 2019-11-15  |y BK  |k GEO